Quiz o Stali Rzeszów - Statystyki

Ogólne statystyki
  • Ten quiz został rozwiązany 118 razy
  • Średni wynik to 6 z 12
Statystyki odpowiedzi
Hint Odpowiedź % Poprawnych
Ilosc porazek w tym sezonie 2
82%
Obecny Trener Stali Rzeszów Daniel Mysliwiec
81%
Adres stadionu Stali Hetmanska 69
76%
Jaki ptak jest w herbie Stali Żuraw
73%
Obecny poziom rozgrywkowy Stali 2 Liga
63%
Najlepszy strzelec tego sezonu Damian Michalik
60%
Nazwa głównego sponsora Stali Rzeszów Fibrain
54%
Imie i nazwisko dyrektora sportowego Stali Rzeszów Jarosław Fojut
40%
Najwiecej bramek strzelonych w tym sezonie 5
37%
Kto ma najwiecej zółtych kartek w tym sezonie Barłomiej Poczobut
33%
Zawodnik który rozegrał najwięcej meczów w tym sezonie Wiktor Kaczorowski
21%
Jakiej narodowosci jest Samulec Kuc Slowackiej
17%
Nie znaleziono quizów pasujących do podanych kryteriów
Rozkład punktacji
Procent ludzi z każdym wynikiem
Percentyl według liczby udzielonych odpowiedzi
Twoja historia wyników
Nie rozwiązałeś tego quizu